000 00379nam a22001577a 4500
005 20200314114019.0
008 200314b xxu||||| |||| 00| 0 eng d
020 _a81-7473-363-9
041 _aeng
100 _aKAVITA, DR.
_95153
245 _aINDUSTRIAL, BIOTECHNOLOGY
260 _aDELHI
_bAITBS PUBLISHERS INDIA
300 _a385p,
650 _aPHARMACY
_95154
942 _cBK
999 _c6083
_d6081